History Quiz

Random History or Country Quiz

G8 (+5) Leaders Quiz Stats

 Plays Quiz Updated Jan 3, 2019

Score 0/13 Timer 05:00
0 Plays Today
Country Leader % Correct
United StatesPresident Donald Trump
98.4%
United KingdomPrime Minister Theresa May
80.6%
FrancePresident Emmanuel Macron
73.1%
GermanyChancellor Angela Merkel
72.7%
RussiaPresident Vladimir Putin
65.8%
CanadaPrime Minister Justin Trudeau
47.9%
ItalyPrime Minister Giuseppe Conte
45.6%
ChinaPresident Xi Jinping
40%
IndiaPrime Minister Narendra Modi
28.2%
BrazilPresident Jair Bolsonaro
27.7%
MexicoPresident Andrés Manuel López Obrador
26.5%
South AfricaPresident Cyril Ramaphosa
24.2%
JapanPrime Minister Shinzō Abe
21.9%

You're not logged in!

Compare scores with friends on all Sporcle quizzes.
OR
Log In

Show Comments

Extras

Top Quizzes Today


Score Distribution

Your Account Isn't Verified!

In order to create a playlist on Sporcle, you need to verify the email address you used during registration. Go to your Sporcle Settings to finish the process.

Report this User

Report this user for behavior that violates our Community Guidelines.

Details: